000 00464nam a22001697a 4500
005 20251108172646.0
008 250721s1991 xx 000 0 ara d
082 1 4 _a909/أرض
100 1 _aالأرض، تيسير شيخ
_eمؤلف
245 1 0 _aإرادة الحضارة /
264 1 _aدمشق :
_bدار الفاضل،
_c1991.
300 _a270ص.
650 1 7 _aتاريخ العالم
650 1 7 _aالحضارة
942 _2ddc
_cBK
999 _c85216
_d85216